| 000 | 00723nam a2200205Ia 4500 | ||
|---|---|---|---|
| 001 | 14768 | ||
| 003 | GE_BSU | ||
| 008 | 181216s||||||||xx |||||||||||||| ||und|| | ||
| 040 | _cGE_BSU | ||
| 080 | _a621.397(035.5) | ||
| 245 | _aСправочник по телевизионной технике. Т.2. | ||
| 245 | _cПод общей ред. С.И.Катаева; Ред.В.И.Шамшур и В.В.Енютин. | ||
| 250 | _aПеревод с англиского с дополнен. | ||
| 260 | _aМ.-Л. | ||
| 260 | _bГосэнергоиздат. | ||
| 260 | _c1962. | ||
| 300 | _a632 стр. 27 см. с илл. | ||
| 653 | _aСправочник по телевизионной технике. | ||
| 942 | _cBK | ||
| 999 |
_c47891 _d47891 |
||